MARC details
| 000 -CABECERA |
| campo de control de longitud fija |
02799nam a2200313 i 4500 |
| 001 - NÚMERO DE CONTROL |
| campo de control |
000014399 |
| 003 - IDENTIFICADOR DEL NÚMERO DE CONTROL |
| campo de control |
DO-SdBNP |
| 005 - FECHA Y HORA DE LA ÚLTIMA TRANSACCIÓN |
| campo de control |
20250206081027.0 |
| 007 - CAMPO FIJO DE DESCRIPCIÓN FÍSICA--INFORMACIÓN GENERAL |
| campo de control de longitud fija |
ta |
| 008 - DATOS DE LONGITUD FIJA--INFORMACIÓN GENERAL |
| campo de control de longitud fija |
091211s2003 dr ao 001 e spa d |
| 020 ## - NÚMERO INTERNACIONAL ESTÁNDAR DEL LIBRO |
| ISBN cancelado o inválido |
070003358402031 |
| 040 ## - FUENTE DE LA CATALOGACIÓN |
| Centro catalogador/agencia de origen |
DO-SdBNP |
| Lengua de catalogación |
spa |
| Centro/agencia transcriptor |
BNPHU |
| Normas de descripción |
rda |
| 082 #4 - NÚMERO DE LA CLASIFICACIÓN DECIMAL DEWEY |
| Número de clasificación |
920 |
| Número de documento/Ítem |
M433r, 2003 |
| Número de edición |
22 |
| 100 1# - ENTRADA PRINCIPAL--NOMBRE DE PERSONA |
| Nombre de persona |
Matos, Libio Amaury, |
| Término indicativo de función/relación |
autor |
| Código de función/relación |
aut. |
| 9 (RLIN) |
32509 |
| 245 13 - MENCIÓN DE TÍTULO |
| Título |
El rebelde invencible Enrique Blanco / |
| Mención de responsabilidad, etc. |
Libio Amaury Matos. |
| 250 ## - MENCIÓN DE EDICIÓN |
| Mención de edición |
segunda edición |
| 264 #1 - PRODUCCIÓN, PUBLICACIÓN, DISTRIBUCIÓN, FABRICACIÓN Y COPYRIGHT |
| Producción, publicación, distribución, fabricación y copyright |
Santo Domingo : |
| Nombre del de productor, editor, distribuidor, fabricante |
Editora Universitaria - UASD, |
| Fecha de producción, publicación, distribución, fabricación o copyright |
2003. |
| 300 ## - DESCRIPCIÓN FÍSICA |
| Extensión |
169 páginas : |
| Otras características físicas |
Ilustraciones ; |
| Dimensiones |
21 cm. |
| 336 ## - TIPO DE CONTENIDO |
| Término de tipo de contenido |
texto |
| Código de tipo de contenido |
txt |
| Fuente |
rdacontent |
| 337 ## - TIPO DE MEDIO |
| Nombre/término del tipo de medio |
sin mediación |
| Código del tipo de medio |
n |
| Fuente |
rdamedia |
| 338 ## - TIPO DE SOPORTE |
| Nombre/término del tipo de soporte |
volumen |
| Código del tipo de soporte |
nc |
| Fuente |
rdacarrier |
| 504 ## - NOTA DE BIBLIOGRAFÍA, ETC. |
| Nota de bibliografía, etc. |
Bibliografía : páginas 165 |
| 505 ## - NOTA DE CONTENIDO CON FORMATO |
| Nota de contenido con formato |
Introducción-- |
| Información miscelánea |
Dedicatoria-- |
| -- |
Tema I-- |
| Título |
Orígenes de Enríque Blanco-- |
| Información miscelánea |
Tema II-- |
| Título |
Su paso por el Ejército Dominicano-- |
| Información miscelánea |
Tema III-- |
| Título |
Deserción y Fuga del Ejército de Enríque Blanco-- |
| -- |
Tema IV-- |
| -- |
Relación de Enríque Blanco con Los Policías Motorizados de Carretera-- |
| Información miscelánea |
Tema V-- |
| Título |
El Choque de Enríque Blanco con la Gaurdia de Monte Adentro-- |
| Información miscelánea |
Tema VI |
| Título |
El Encuentro de Enríque Blanco y el Chivato Piro de la Rosa-- |
| Información miscelánea |
Tema VII-- |
| Título |
Enríque Blanco y sus Solicitudes de Préstamos Personales-- |
| Información miscelánea |
Tema VIII-- |
| Título |
El Choque entre Enríque Blanco yn el Sargento "Mata de Coco"-- |
| Información miscelánea |
Tema IX-- |
| Título |
El Choque entre Enrique Blanco y el Guardia Camino a Jacagua-- |
| Información miscelánea |
Tema X-- |
| Título |
La Historia de Enríque Blanco y el Brujo Haitiano que lo "Preparó"-- |
| Información miscelánea |
Tema XI-- |
| Título |
Enríque Blanco y sus Poderes Sobrenaturales-- |
| Información miscelánea |
Tema XII-- |
| Título |
La historia de Enríque Blanco y El Tamborero Batero-- |
| Información miscelánea |
Tema XIII-- |
| Título |
La historia de Enríque Blanco y el Alcalde Ayudante de Monte Adentro, Tamboril-- |
| Información miscelánea |
Tema XIV-- |
| Título |
El Choque entre Enríque Blanco y la Patrulla de Monte Adentro-- |
| Información miscelánea |
Tema XV-- |
| Título |
La historia de Enríque Blanco y el Alcalde de Esperanza, Mao-- |
| Información miscelánea |
Tema XVI-- |
| Título |
La historia de Enríque Blanco y Ramón Montan (a) Mon Cigarro-- |
| 505 ## - NOTA DE CONTENIDO CON FORMATO |
| Nota de contenido con formato |
Tema XVII--<br/><br/> |
| Título |
La hsitoria de Enríque Blanco y la Fiesta de El Cajuil-- |
| Información miscelánea |
Tema XVIII-- |
| Título |
Enrique Blanco y las fiestas de Perico Ripiao realizadas en el Cibao-- |
| Información miscelánea |
Tema XIX. |
| Título |
El Asalto de enríque Blanco al Cuartel de Joba, Gaspar Hernández.-- |
| Información miscelánea |
Tema XX-- |
| Título |
Enríque Blanco y la brigada del ejército dirigida por el Capitán Pedro Andújar-- |
| Información miscelánea |
Tema XXI |
| Título |
Fidelidad y sacrificios de los amigos de Enríque Blanco-- |
| Información miscelánea |
Tema XXII-- |
| Título |
Enríque Blanco y los campesinos delCibao, en la República Domincana-- |
| Información miscelánea |
Tema XXIII-- |
| Título |
Muerte y Sepultura de Enríque Blanco-- |
| Información miscelánea |
Tema XXIV-- |
| Título |
Consideraciones Finales del autor-- |
| -- |
Bibliografía-- |
| -- |
Notas del autor. |
| 590 ## - NOTA LOCAL (RLIN) |
| Nota local |
Inventariado 2024 / MF |
| 600 14 - PUNTO DE ACCESO ADICIONAL DE MATERIA--NOMBRE DE PERSONA |
| Nombre de persona |
Blanco, Enríque, |
| Subdivisión general |
1907-1936 |
| 9 (RLIN) |
32510 |
| 710 2# - PUNTO DE ACCESO ADICIONAL--NOMBRE DE ENTIDAD CORPORATIVA |
| Nombre de entidad corporativa o nombre de jurisdicción como elemento de entrada |
Universidad Autónoma de Santo Domingo |
| 9 (RLIN) |
72951 |
| 942 ## - ELEMENTOS DE PUNTO DE ACCESO ADICIONAL (KOHA) |
| Fuente del sistema de clasificación o colocación |
Dewey Decimal Classification |
| Tipo de ítem Koha |
Libro |